|
|
|
|
| LEADER |
00680cam a2200169 7i4500 |
| 001 |
0000038007 |
| 005 |
20210126090000.0 |
| 020 |
|
|
|a 9789814261180 (hbk. ; vol. 1)
|
| 020 |
|
|
|a 9814261181 (hbk. ; vol. 1)
|
| 090 |
0 |
0 |
|a KNC705
|b .A85 2009
|
| 245 |
0 |
0 |
|a ASEAN environmental law, policy, and governance :
|b selected documents
|c compiled and edited by Koh Kheng-Lian.
|
| 260 |
|
|
|a Hackensack, N.J:
|b World Scientific,
|c 2009.
|
| 300 |
|
|
|a xxii, 713 p.;
|c 26 cm.
|
| 650 |
0 |
0 |
|a Environmental law --
|z Southeast Asia
|
| 700 |
3 |
|
|a Koh, Kheng Lian
|
| 997 |
|
|
|a Engineering & Life Sciences, Faculty
|b Science & Biotechnology, Department
|
| 999 |
|
|
|a 0000049921
|b BOK
|c OPEN SHELF
|e 1st Floor, Bestari Jaya
|